000 00477nam a2200121Ia 4500
008 171212s9999 xx 000 0 und d
100 _aLepselter, Susan
245 _cLepselter, Susan
_aThe Resonance of Unseen Things
_bPoetics, Power, Captivity, and UFOs in the American Uncanny
260 _bUniversity of Michigan Press
_c2016
650 _aAnthropology
650 _aHuman-alien encounters; Conspiracy theories? United States
856 _uhttp://jstor.org/stable/j.ctt1gk08ms
999 _c353009
_d353009